El nombre de los caracoles /
La voz infantil que domina esta novela permite reflexionar sobre lo dicho y lo silenciado durante la última dictadura militar. Aparecen personajes entrañables que participan de una trama en la que la naturalidad de una práctica delictiva y abyecta atraviesa la historia del país, y las historias part...
Guardado en:
| Autor Principal: | |
|---|---|
| Formato: | Libro |
| Idioma: | Undetermined |
| Publicado: |
Villa Tesei :
Libros de UNAHUR,
2023.
|
| Edición: | 2a ed. |
| Series: | Identidades bonaerenses
Transurbana |
| Materias: | |
| Etiquetas: |
Agregar Etiqueta
Sin Etiquetas, Sea el primero en etiquetar este registro!
|
| LEADER | 01772nam a22002655a 4500 | ||
|---|---|---|---|
| 001 | CEM.cems024863 | ||
| 008 | 250818s2023####ag############000#0#und#d | ||
| 005 | 20250818181402.0 | ||
| 245 | 1 | 0 | |a El nombre de los caracoles / |c Claudia Stella. |
| 250 | |a 2a ed. | ||
| 260 | |a Villa Tesei : |b Libros de UNAHUR, |c 2023. | ||
| 300 | |a 139 p. | ||
| 490 | 1 | |a Identidades bonaerenses | |
| 490 | 1 | |a Transurbana | |
| 500 | |a Edición especial de la Dirección de Cultura y Educación de la Provincia de Buenos Aires. | ||
| 500 | |a Sugerencia de edad: a partir de ciclo orientado. Requiere acompañamiento docente. | ||
| 520 | |a La voz infantil que domina esta novela permite reflexionar sobre lo dicho y lo silenciado durante la última dictadura militar. Aparecen personajes entrañables que participan de una trama en la que la naturalidad de una práctica delictiva y abyecta atraviesa la historia del país, y las historias particulares de muchas personas que desconocen su identidad y no encuentran recursos para reponerla. La localización, difusa pero reconocible en algún lugar del Gran Buenos Aires, hace pensar en las prácticas sociales que se impusieron en todas las localidades durante esos años, y en cómo se entendía y consideraba a las infancias. Esta obra permite abrir diálogos intergeneracionales sobre la memoria y la vida durante los años más oscuros de nuestra historia. | ||
| 020 | |a 9789874785688 | ||
| 100 | 1 | |a Stella, Claudia. | |
| 653 | |a Literatura argentina | ||
| 653 | |a Novela argentina | ||
| 653 | |a Identidades bonaerenses | ||
| 859 | |a CEMS |b BIB. CEMS - 11 de abril |h A863.4 |i St39 |p 30279.25 |t Ej.1 | ||
| 859 | |a CEMS |b BIB. CEMS - Ccias. Educacion |h A863.4 |i St39 |k CE |p 30281.25 |t Ej.1 | ||
| 859 | |a CEMS |b BIB. CEMS - 11 de abril |h A863.4 |i St39 |p 30280.25 |t Ej.2 | ||
